Etats US où se déroulent les films d'horreurs - Statistiques

Statistiques générales
  • Ce quiz a été pris 32 fois
  • Le résultat moyen est 4 sur 20
Statistiques - réponses
Films Etats US % Correct
Massacre à la tronçonneuse Texas
61%
CA (IT) Maine
50%
La colline a des yeux Nouveau Mexique
39%
Shining Colorado
36%
Halloween, La nuit des masques Illinois
29%
Le Projet Blair Witch Maryland
29%
Butcher (Hatchet) : La légende de Victor Crowley Louisiane
14%
It Follows Michigan
14%
Les Griffes de la Nuit Ohio
14%
Detour Mortel Virginie (Occidentale)
14%
Souviens toi l'Été Dernier Caroline du Nord
11%
Jeepers Creepers Floride
11%
Le Village Pennsylvanie
11%
You re Next Missouri
7%
Conjuring, Les dossiers Warren Rhode Island
7%
Piranha 3D Arizona
4%
Les oiseaux Californie
4%
Evil Dead (1981) Tennessee
4%
Urban legend 3 : Bloody Mary Utah
4%
Horribilis Caroline du Sud
0%
Aucun quiz correspondant
Distribution des résultats
% des personnes avec chaque résultat
Percentile par nombre de réponses
Votre historique - résultats
Vous n’avez pas pris ce quiz